|
|
|
|
| LEADER |
01116nam a2200229 a 4500 |
| 001 |
GR-MES1374 |
| 008 |
991111s1992 gr 000 0 gre d |
| 040 |
|
|
|a GrPaTEI
|b gre
|c GR-PaULI
|
| 082 |
|
0 |
|a 342
|2 21
|
| 100 |
1 |
|
|a Haberle, Peter
|
| 245 |
1 |
2 |
|a Η θεωρία των βαθμίδων εξέλιξης των κειμένων /
|c Peter Haberle ; εισαγωγή Δ.Θ. Τσάτσου , Γ. Παπαδημητρίου.
|
| 260 |
|
|
|a Αθήνα
|a Κομοτηνή :
|b Αντ. Ν. Σάκκουλα,
|c 1992
|
| 300 |
|
|
|a 80σ. :
|b 21εκ.
|
| 490 |
0 |
|
|a Τετράδια συνταγματικού δικαίου ;
|v 19
|
| 500 |
|
|
|a Περιλαμβάνει εργογραφία του Peter Haberle
|
| 650 |
|
4 |
|a Συνταγματικό Δίκαιο
|
| 700 |
1 |
|
|a Παπαδημητρίου, Γ.
|
| 700 |
1 |
|
|a Τσάτσου, Δ.
|
| 942 |
|
|
|2 ddc
|
| 952 |
|
|
|0 0
|1 0
|2 ddc
|4 0
|6 342_000000000000000_HAB
|7 0
|9 265508
|a MSLG
|b MSLG
|c BSC
|d 2021-01-17
|e 24
|f 0
|g 0.00
|l 0
|o 342 HAB
|p 2420000013462
|r 2021-01-17 00:00:00
|t 1
|w 2021-01-17
|y BK15
|x 20080205 0 ΓΑΒΡΙΝΑ 1
|x GrPaTEI
|
| 971 |
|
|
|a .b25724162
|b 16-04-20
|c 13-09-16
|
| 999 |
|
|
|c 152628
|d 152628
|